Statistics for Top 10 countries Quiz (hard)

Click here to take the quiz!

General Stats

  • This quiz has been taken 27 times
  • The average score is 77 of 125

Answer Stats

QuestionTileSelect% Correct
Richest countries by GDP per capitaBelgiumNo
96%
Richest countries by GDP per capitaBrazilNo
96%
Richest countries by GDP per capitaAustriaNo
92%
Biggest countries by AreaChileNo
88%
Biggest countries by AreaChinaYes
88%
Biggest countries by AreaNigeriaNo
88%
Biggest countries by AreaUKNo
88%
Biggest countries by AreaUSAYes
88%
Biggest countries by AreaCanadaYes
84%
Countries by life expectancy at birthIrelandNo
84%
Richest countries by GDP per capitaNew ZealandNo
84%
Biggest countries by AreaPakistanNo
84%
Biggest countries by AreaRussiaYes
84%
Biggest countries by AreaSwedenNo
84%
Richest countries by GDP per capitaAustraliaNo
80%
Richest countries by GDP per capitaChinaNo
80%
Biggest countries by AreaD.R. CongoNo
80%
Biggest countries by AreaFranceNo
80%
Biggest countries by AreaGermanyNo
80%
Richest countries by GDP per capitaIcelandNo
80%
Biggest countries by AreaIranNo
80%
Countries by tourist arrivalsMalaysiaNo
80%
Biggest countries by AreaSouth AfricaNo
80%
Richest countries by GDP per capitaUKNo
80%
Countries by tourist arrivalsUSAYes
80%
Countries by life expectancy at birthAustriaNo
76%
Countries by life expectancy at birthBelgiumNo
76%
Biggest countries by PopulationD.R. CongoNo
76%
Countries by tourist arrivalsFranceYes
76%
Biggest countries by PopulationFranceNo
76%
Biggest countries by PopulationGermanyNo
76%
Biggest countries by AreaIndonesiaNo
76%
Biggest countries by PopulationIranNo
76%
Biggest countries by PopulationItalyNo
76%
Countries by life expectancy at birthPortugalNo
76%
Countries by tourist arrivalsSaudi ArabiaNo
76%
Biggest countries by AreaSaudi ArabiaNo
76%
Biggest countries by PopulationSouth AfricaNo
76%
Countries by tourist arrivalsSwitzerlandNo
76%
Biggest countries by PopulationTanzaniaNo
76%
Biggest countries by PopulationUSAYes
76%
Countries by tourist arrivalsVietnamNo
76%
Countries by tourist arrivalsAustriaNo
72%
Biggest countries by AreaBrazilYes
72%
Richest countries by GDP per capitaCanadaNo
72%
Biggest countries by PopulationChinaYes
72%
Biggest countries by PopulationEgyptNo
72%
Richest countries by GDP per capitaFinlandNo
72%
Richest countries by GDP per capitaFranceNo
72%
Biggest countries by PopulationIndiaYes
72%
Countries by tourist arrivalsSouth AfricaNo
72%
Biggest countries by AreaSudanNo
72%
Biggest countries by PopulationTurkeyNo
72%
Countries by tourist arrivalsUKYes
72%
Biggest countries by PopulationEthiopiaNo
68%
Countries by life expectancy at birthFranceNo
68%
Richest countries by GDP per capitaGermanyNo
68%
Countries by tourist arrivalsIndiaNo
68%
Countries by tourist arrivalsItalyYes
68%
Richest countries by GDP per capitaQatarYes
68%
Countries by tourist arrivalsRussiaNo
68%
Richest countries by GDP per capitaSaudi ArabiaNo
68%
Richest countries by GDP per capitaSingaporeYes
68%
Biggest countries by PopulationUKNo
68%
Biggest countries by AreaAustraliaYes
64%
Biggest countries by PopulationBrazilYes
64%
Richest countries by GDP per capitaLuxembourgYes
64%
Countries by life expectancy at birthMaltaNo
64%
Biggest countries by AreaMongoliaNo
64%
Biggest countries by PopulationPhilippinesNo
64%
Richest countries by GDP per capitaSwitzerlandYes
64%
Biggest countries by PopulationThailandNo
64%
Biggest countries by PopulationVietnamNo
64%
Biggest countries by AreaIndiaYes
60%
Countries by life expectancy at birthJapanYes
60%
Biggest countries by AreaKazakhstanYes
60%
Biggest countries by AreaMexicoNo
60%
Countries by tourist arrivalsNetherlandsNo
60%
Countries by tourist arrivalsPortugalNo
60%
Countries by life expectancy at birthUKNo
60%
Countries by life expectancy at birthNew ZealandNo
56%
Countries by life expectancy at birthNorwayYes
56%
Biggest countries by PopulationRussiaYes
56%
Countries by tourist arrivalsSpainYes
56%
Richest countries by GDP per capitaBahrainNo
52%
Biggest countries by PopulationBangladeshYes
52%
Countries by tourist arrivalsEgyptNo
52%
Biggest countries by PopulationIndonesiaYes
52%
Richest countries by GDP per capitaJapanNo
52%
Biggest countries by PopulationPakistanYes
52%
Countries by tourist arrivalsTurkeyYes
52%
Countries by tourist arrivalsUAENo
52%
Countries by tourist arrivalsCanadaNo
48%
Countries by life expectancy at birthGermanyNo
48%
Richest countries by GDP per capitaNorwayYes
44%
Countries by life expectancy at birthSingaporeYes
44%
Richest countries by GDP per capitaUSAYes
44%
Richest countries by GDP per capitaBruneiYes
40%
Countries by life expectancy at birthFinlandNo
40%
Countries by life expectancy at birthIcelandNo
40%
Countries by life expectancy at birthLuxembourgNo
40%
Countries by life expectancy at birthNetherlandsNo
40%
Richest countries by GDP per capitaSan MarinoYes
40%
Countries by life expectancy at birthSouth KoreaYes
40%
Countries by life expectancy at birthSwitzerlandYes
40%
Richest countries by GDP per capitaDenmarkYes
36%
Countries by tourist arrivalsGermanyYes
36%
Biggest countries by PopulationNigeriaYes
36%
Biggest countries by AreaAlgeriaYes
32%
Biggest countries by AreaArgentinaYes
32%
Countries by life expectancy at birthAustraliaYes
32%
Countries by life expectancy at birthCanadaNo
32%
Countries by tourist arrivalsChinaYes
32%
Biggest countries by PopulationJapanNo
32%
Countries by life expectancy at birthSwedenNo
32%
Countries by tourist arrivalsThailandYes
32%
Richest countries by GDP per capitaIrelandYes
28%
Countries by tourist arrivalsJapanNo
28%
Biggest countries by PopulationMexicoYes
28%
Countries by tourist arrivalsGreeceNo
20%
Countries by life expectancy at birthItalyYes
20%
Countries by life expectancy at birthIsraelYes
16%
Countries by tourist arrivalsMexicoYes
16%
Countries by life expectancy at birthSpainYes
16%
Countries by life expectancy at birthCyprusYes
12%

Score Distribution

Percentile by Number Answered

Percent of People with Each Score

Your Score History

You have not taken this quiz